000 01176nam a22003137a 4500
001 942
005 20230714151754.0
008 230714b cb ||||| |||| 00| 0 eng d
020 _a9780316043052
040 _aDLC
_cDLC
_dDLC
_beng
050 0 0 _aPZ7.R3476235
_bSug 2013
082 0 0 _a813.6
_223
100 1 _aRhodes, Jewell Parker.
245 1 0 _aSugar /
_cJewell Parker Rhodes.
250 _aFirst Scholastic printing, January 2015
260 _aNew York :
_bScholastic,
_c2015.
300 _a272 pages ;
_c20 cm.
505 _aJ
520 _aIn 1870, Reconstruction brings big changes to the Louisiana sugar plantation where spunky ten-year-old Sugar has always lived, including her friendship with Billy, the son of her former master, and the arrival of workmen from China.
521 _a430
_bLexile
521 _aJ
_bRaz-Plus
650 1 _aPlantation life
_zLouisiana
_vFiction.
650 1 _aRace relations
_vFiction.
650 1 _aAfrican Americans
_vFiction.
650 1 _aChinese Americans
_vFiction.
650 1 _aReconstruction (U.S. history, 1865-1877)
_vFiction.
906 _a7
_bcbc
_corignew
_d1
_eecip
_f20
_gy-gencatlg
942 _2ddc
_cBK
_n0
999 _c942
_d942